01561 2200313 4500001002100000005001500021035002000036007000300056008004100059020002200100082001200122084001800134100002700152245010900179250003200288300003800320650002200358650001800380650001000398700002200408700002400430520066300454600001601117264003101133336002101164337003001185338002301215990000901238INLIS00000000000293120251104071651 a0010-1125000022ta251104 d f ind  a978-623-8668-42-7 a899.221 a899.221 KUS a0 aKusdina AinePengarang1 aAfter 7 Our Family :bSurat Terakhir dari Ayah /cKusdina Ain ; penyunting, Lis S. ; ilustrator, Olehdra aCetakan pertama, April 2025 a370 halaman :bilustrasi ;c19 cm 4aKeluarga terpisah 4aAyah dan anak 4aFiksi0 aLis SePenyunting0 aOlehdraeIlustrator aSembilan tahun berlalu sejak Abimana meninggalkan rumah dan kehilangan jejak ketujuh anaknya. Rumah yang dulu ia tinggalkan telah hangus terbakar, menyisakan misteri dan kesedihan. Dalam pencariannya, satu per satu fakta terungkap—menyakitkan dan membuat hati sesak. Ketika akhirnya ia berhasil menemukan anak-anaknya, bukan pelukan hangat yang menyambut, melainkan kebencian yang membara. Novel ini menggambarkan perjuangan seorang ayah untuk mendapatkan kembali cinta dan kepercayaan anak-anaknya, melalui surat terakhir yang menjadi saksi harapan dan penyesalan. After 7 Our Family adalah kisah tentang luka, kehilangan, dan kemungkinan untuk memaafkan. 4aKusdina Ain aDepok :bRain Books,c2025 2rdacontentateks 2rdamediaatanpa perantara 2rdacarrieravolume a7440